000 00574nam a22002177a 4500
003 OSt
005 20151105145830.0
008 130307t xxu||||| |||| 00| 0 eng d
020 _a9780748755097
050 _aQA 11
_b.B747 2000
082 _aIB 510
_bB65 2000
100 _aBostock, L
245 _aCore maths :
_cL. Bostock, S. Chandler
_bfor advance level /
250 _a3rd ed.
260 _aCheltenham, UK :
_bNelson Thornes Ltd,
_c2000.
300 _ax, 534 p.:
_bill.;
_c26 cm.
526 _c1070L-1220L
562 _e1
942 _2lcc
_cBK
999 _c2092
_d2092